• 首页
  • 本馆介绍
  • 公告通知
  • 最新文献
  • 馆藏检索
  • 电子资源
  • 读者导购
  • 参考咨询
  • 我的图书馆
  • 登录
  • 详细信息显示
  • 放入我的书架
  • 预约/预借图书
  • 作者相关作品
  • 分类相关作品
  • 丛书相关作品
  • 出版社相关作品

书目信息

  • 表格格式
  • 工作单格式
  • 卡片格式
题名:
整机电子装联技术
    
 
作者: 汪方宝 著
分册:  
出版信息: 北京   电子工业出版社  2021.1
页数: 11,257页
开本: 26cm
丛书名:
单 册:
中图分类: TN305.93
科图分类:
主题词: 电子装联
电子资源:
ISBN: 978-7-121-31297-7
000 00792nam0 2200229 45
001 012001001952
005 20140912170157.0
010    @a978-7-121-31297-7@dCNY59.00
100    @a20170612d2017 em y0chiy50 ea
101 0  @achi
102    @aCN@b110000
105    @aa z 000yy
106    @ar
200 1  @a整机电子装联技术@Azheng ji dian zi zhuang lian ji shu@b专著@f汪方宝著
210    @a北京@c电子工业出版社@d2021.1
215    @a11,257页@c图@d26cm
330    @a本书全面地总结了整机电子装联技术,内容涵盖整机装联的各个方面。从工程应用角度,全面、系统地对整机装联的装配环境及所需材料进行了详细的描述,如焊料、焊剂、胶黏剂等。
606 0  @a电子装联
690    @aTN305.93@v5
701  0 @a汪方宝@Awang fang bao@4著
801  0 @aCN@bBJSDL@c20211011
905    @b1337859-62@dTN305.93@e83@f4
    
    整机电子装联技术/汪方宝著.-北京:电子工业出版社,2021.1
    11,257页:图;26cm
    
    
    ISBN 978-7-121-31297-7:CNY59.00
    本书全面地总结了整机电子装联技术,内容涵盖整机装联的各个方面。从工程应用角度,全面、系统地对整机装联的装配环境及所需材料进行了详细的描述,如焊料、焊剂、胶黏剂等。
●
相关链接 在E读中查询图书 在五车中查询图书 在当当中查询图书 在豆瓣中查询图书


正题名:整机电子装联技术     索取号:TN305.93/83         预约/预借

序号 登录号 条形码 馆藏地/架位号 状态 备注
1 1337859   213378593   第二样本阅览室/ [索取号:TN305.93/83] 在馆    
2 1337860   213378600   第三借阅区/ [索取号:TN305.93/83] 在馆    
3 1337861   213378619   第三借阅区/ [索取号:TN305.93/83] 在馆    
4 1337862   213378628   第三借阅区/ [索取号:TN305.93/83] 在馆    
唐山师范学院图书馆 欢迎您!
大连网信软件有限公司© 版权所有